| 000 | 00427nam a22001817a 4500 | ||
|---|---|---|---|
| 003 | MPLRDC | ||
| 005 | 20220104185640.0 | ||
| 008 | 210129b ||||| |||| 00| 0 eng d | ||
| 020 | _a962-2448-58-2 | ||
| 082 | _a245.7 YWL | ||
| 100 | _a杨文立 | ||
| 245 |
_a星爷电影12启示 _c |
||
| 250 | _a三版 | ||
| 260 |
_a香港 _b宣道出版社 _c2009 |
||
| 300 | _b平 | ||
| 650 | _a文书传道 | ||
| 942 |
_cBK _o245.7 YWL |
||
| 999 |
_c63425 _d63415 |
||